|
|
|
|
| LEADER |
00981nam a2200241 4500 |
| 001 |
DLU120143892 |
| 005 |
##20121119 |
| 040 |
# |
# |
|a DLU
|b vie
|
| 041 |
# |
# |
|a vie
|
| 044 |
# |
# |
|a vn
|
| 100 |
# |
# |
|a Lê Văn Yến.
|
| 245 |
# |
# |
|a Kết quả bước đầu nghiên cứu hệ chứng chui khỏi vỏ và sưng vòi hút thức ăn ở Ốc hương nuôi thương phẩm tại đầm Lăng Cô - Thừa Thiên Huế và đầm Nại - Ninh Thuận /
|c Lê Văn Yến, Nguyễn Thị Bích Cầm.
|
| 700 |
# |
# |
|a Nguyễn Thị Bích Cầm
|
| 773 |
# |
# |
|t Tuyển tập báo cáo khoa học: Hội thảo động vật thân mềm toàn quốc, lần thứ tư - Nha Trang, 5-6/09/2005,
|g 2007, tr. 385-394
|
| 920 |
# |
# |
|a Phòng Tạp chí -- Trung tâm Thông tin - Thư viện Trường Đại học Đà Lạt
|
| 994 |
# |
# |
|a DLU
|
| 900 |
# |
# |
|a True
|
| 911 |
# |
# |
|a Nguyễn Thị Mai Anh
|
| 925 |
# |
# |
|a G
|
| 926 |
# |
# |
|a A
|
| 927 |
# |
# |
|a BB
|
| 980 |
# |
# |
|a Thư viện Trường Đại học Đà Lạt
|